Statistics for Countries bordering the ocean

Click here to take the quiz!

General Stats

  • This quiz has been taken 10 times
  • The average score is 11 of 16

Answer Stats

Answer% Correct
Jamaica
90%
Japan
90%
South Africa
80%
Spain
80%
Vietnam
80%
Fiji
70%
Iceland
70%
Ireland
70%
Cuba
60%
Malaysia
60%
Pakistan
60%
Thailand
60%
Madagascar
50%
Morocco
50%
Oman
50%
Suriname
50%

Score Distribution

Percentile by Number Answered

Percent of People with Each Score

Your Score History

You have not taken this quiz